| 000 | 00931nam 22002293 4500 | ||
|---|---|---|---|
| 001 | 197868 | ||
| 010 | _a972-42-2635-2 | ||
| 021 |
_aPT _b171428/01 |
||
| 090 | _a197868 | ||
| 100 | _a20250915d u||y0pory50 ba | ||
| 200 |
_aA casa dos livros _fcoordenação Maria José Moura ; fotografia José Francisco Vilhena _gintrodução João Luís Lisboa |
||
| 210 |
_aLisboa _cCírculo de Leitores ; Instituto Português do Livro e das Bibliotecas _dimp. 2001 |
||
| 215 |
_cil. ; encadernado _d30 cm |
||
| 300 | _atexto do escritor montemorense Almeida Faria e fotografia da biblioteca municipal pág. 68 e 69; data de inauguração da biblioteca pág. 158 | ||
| 606 |
_910441 _aBibliotecas Gerais |
||
| 675 |
_a027 _vPT _zpor |
||
| 701 |
_913920 _aMoura _bMaria José _f1937-1981 |
||
| 701 |
_911713 _aVilhena _bJoão Francisco _f1965- |
||
| 702 |
_96994 _aLisboa _bJoão Luís _f1959- |
||
| 801 |
_aPT _bBMMN _gRPC |
||
| 830 | _cVanda | ||
| 990 | _cLIVROS | ||